[Event "Tula Poletov Memorial"]
[Site "Tula"]
[Date "2018.02.12"]
[Round "6"]
[White "Postypalskiy, Mihail"]
[Black "Saydaliev, Saidakbar"]
[Result "1/2-1/2"]
[WhiteElo "2382"]
[BlackElo "2349"]
[PlyCount "38"]
[EventDate "2018.02.09"]
[EventType "tourn"]
[EventRounds "9"]
[EventCountry "RUS"]
[EventCategory "3"]
[SourceTitle "CBM 182 Extra"]
[Source "ChessBase"]
[SourceDate "2018.02.23"]
[SourceVersion "1"]
[SourceVersionDate "2018.02.23"]
[SourceQuality "1"]

1. d4 Nf6 2. c4 e6 3. g3 d5 4. Bg2 Bb4+ 5. Nd2 0-0 6. Ngf3 b6 7. 0-0 Bb7 8. Ne5 Be7 9. Qa4 c5 10. dxc5 Bxc5 11. cxd5 Bxd5 12. Bxd5 Qxd5 13. Ndf3 Qe4 14. Qxe4 Nxe4 15. Nd3 Be7 16. Be3 Nd7 17. Rac1 Rfc8 18. Rfd1 Bf6 19. Bd4 h6 1/2-1/2

[Event "Reviakino"]
[Site "Reviakino"]
[Date "2017.12.28"]
[Round "13"]
[White "Postypalskiy, Mihail"]
[Black "Domogaev, Sergey"]
[Result "1/2-1/2"]
[WhiteElo "2381"]
[BlackElo "2412"]
[PlyCount "49"]
[EventDate "2017.12.22"]
[EventType "tourn"]
[EventRounds "13"]
[EventCountry "RUS"]
[SourceTitle "CBM 182 Extra"]
[Source "ChessBase"]
[SourceDate "2018.02.23"]
[SourceVersion "1"]
[SourceVersionDate "2018.02.23"]
[SourceQuality "1"]

1. e4 c5 2. Nf3 e6 3. Nc3 a6 4. d4 cxd4 5. Nxd4 Qc7 6. Be3 b5 7. Be2 Bb7 8. Bf3 d6 9. 0-0 Nf6 10. Qe2 Be7 11. Rfd1 0-0 12. a4 b4 13. Na2 a5 14. Nb5 Qc8 15. Bf4 e5 16. Bg5 Nc6 17. c3 Rd8 18. cxb4 Nxb4 19. Nxb4 axb4 20. b3 Ba6 21. Qd2 Bxb5 22. axb5 Rxa1 23. Rxa1 Qc5 24. Bxf6 Bxf6 25. Be2 1/2-1/2

[Event "Reviakino"]
[Site "Reviakino"]
[Date "2017.12.25"]
[Round "7"]
[White "Postypalskiy, Mihail"]
[Black "Kozlov, Mikhail P"]
[Result "1-0"]
[WhiteElo "2381"]
[BlackElo "2160"]
[PlyCount "115"]
[EventDate "2017.12.22"]
[EventType "tourn"]
[EventRounds "13"]
[EventCountry "RUS"]
[SourceTitle "CBM 182 Extra"]
[Source "ChessBase"]
[SourceDate "2018.02.23"]
[SourceVersion "1"]
[SourceVersionDate "2018.02.23"]
[SourceQuality "1"]

1. Nf3 Nf6 2. g3 g6 3. Bg2 Bg7 4. 0-0 0-0 5. d3 d6 6. h3 e5 7. Nc3 Nc6 8. e4 Nh5 9. a3 a5 10. Rb1 Qe8 11. Nd5 Qd8 12. Bg5 f6 13. Be3 Ne7 14. c4 Nxd5 15. cxd5 f5 16. exf5 gxf5 17. Bg5 Qe8 18. Rc1 f4 19. g4 Nf6 20. Bxf6 Bxf6 21. Rxc7 Bd8 22. Rc3 Qg6 23. Qc2 Bd7 24. Qb3 Rb8 25. Nh2 Kh8 26. Be4 Qh6 27. Kg2 Rg8 28. Rfc1 b5 29. R3c2 Bb6 30. Nf3 Bc5 31. Rxc5 dxc5 32. Rxc5 Qd6 33. Qc3 Rge8 34. b4 axb4 35. axb4 Re7 36. Rc7 Bxg4 37. Nxe5 Bxh3+ 38. Kxh3 Qh6+ 39. Kg2 Qg7+ 40. Ng6+ hxg6 41. Rc8+ Re8 42. Qxg7+ Kxg7 43. Rc6 Rbd8 44. Rxg6+ Kf7 45. Rc6 Rf8 46. Kf3 Ke7 47. Rc5 Rb8 48. d4 Kd7 49. Bg6 Rf6 50. Bh5 Ra6 51. Kxf4 Ra4 52. Ke5 Rxb4 53. Bg4+ Ke8 54. d6 Rb7 55. Rc8+ Kf7 56. Rc7+ Rxc7 57. dxc7 Rc4 58. Be6+ 1-0

[Event "Bolkhov"]
[Site "Bolkhov"]
[Date "2017.10.02"]
[Round "5"]
[White "Postypalskiy, Mihail"]
[Black "Kulicov, Oleg Anatolie"]
[Result "1/2-1/2"]
[WhiteElo "2378"]
[BlackElo "2463"]
[PlyCount "96"]
[EventDate "2017.09.30"]
[EventType "tourn"]
[EventRounds "13"]
[EventCountry "RUS"]
[SourceTitle "CBM 181 Extra"]
[Source "ChessBase"]
[SourceDate "2017.12.12"]
[SourceVersion "1"]
[SourceVersionDate "2017.12.12"]
[SourceQuality "1"]

1. e4 e5 2. Nc3 Nf6 3. Bc4 Nxe4 4. Qh5 Nd6 5. Qxe5+ Qe7 6. Qxe7+ Bxe7 7. Bb3 Nf5 8. Nd5 Bd8 9. Nf3 c6 10. Ne3 Nxe3 11. dxe3 d5 12. c4 dxc4 13. Bxc4 Be6 14. Bxe6 fxe6 15. e4 Nd7 16. Ke2 Nf6 17. Ng5 0-0 18. Be3 Bb6 19. Bxb6 axb6 20. f3 e5 21. Rhd1 h6 22. Nh3 Kf7 23. Nf2 Ke6 24. a3 Rfd8 25. Rxd8 Rxd8 26. Rd1 Rxd1 27. Nxd1 b5 28. Ne3 h5 29. Nf5 Ne8 30. g3 g6 31. Nh4 Kf6 32. Ng2 Nc7 33. h4 Ne6 34. Ke3 c5 35. f4 exf4+ 36. gxf4 c4 37. Ne1 Nc5 38. Nc2 Nd3 39. Nd4 b4 40. axb4 Nxb4 41. Nb5 Nd3 42. b3 Ne1 43. e5+ Ke7 44. Ke2 Ng2 45. bxc4 Nxf4+ 46. Kf3 Ne6 47. Nd6 g5 48. hxg5 Nxg5+ 1/2-1/2

[Event "Tula Rjazanov Memorial"]
[Site "Tula"]
[Date "2016.02.07"]
[Round "2"]
[White "Markov, Vladimir"]
[Black "Postypalskiy, Mihail"]
[Result "0-1"]
[WhiteElo "2129"]
[BlackElo "2404"]
[PlyCount "72"]
[EventDate "2016.02.05"]
[EventType "swiss"]
[EventRounds "9"]
[EventCountry "RUS"]
[SourceTitle "CBM 171 Extra"]
[Source "ChessBase"]
[SourceDate "2016.04.26"]
[SourceVersion "1"]
[SourceVersionDate "2016.04.26"]
[SourceQuality "1"]

1. e4 e5 2. Nf3 Nc6 3. d4 exd4 4. Nxd4 Nf6 5. Nxc6 bxc6 6. e5 Qe7 7. Qe2 Nd5 8. c4 Nb6 9. Nc3 a5 10. Qe4 g6 11. Bd3 Bg7 12. 0-0 0-0 13. f4 Ba6 14. Be3 f5 15. exf6 Qxf6 16. Rfe1 Rae8 17. Qf3 Nxc4 18. Bc5 Nxb2 19. Bxa6 Qxc3 20. Qxc3 Bxc3 21. Bxf8 Bxe1 22. Ba3 Bc3 23. Rc1 Bd4+ 24. Kf1 Re4 25. g3 Na4 26. Rc4 Nb6 27. Rc2 Kf7 28. Kg2 Kf6 29. h4 Nd5 30. Rd2 Re3 31. Bb2 Bxb2 32. Rxb2 Ra3 33. Kf2 Nb4 34. Bc4 d5 35. Be2 Rxa2 36. Rb1 c5 0-1

[Event "Raskazovo"]
[Site "Raskazovo"]
[Date "2015.04.13"]
[Round "9"]
[White "Postypalskiy, Mihail"]
[Black "Moiseenko, Vladimir"]
[Result "1-0"]
[WhiteElo "2147"]
[BlackElo "2240"]
[PlyCount "75"]
[EventDate "2015.04.08"]
[EventType "tourn"]
[EventRounds "11"]
[EventCountry "RUS"]
[SourceTitle "CBM 166 Extra"]
[Source "ChessBase"]
[SourceDate "2015.06.18"]
[SourceVersion "1"]
[SourceVersionDate "2015.06.18"]
[SourceQuality "1"]

1. e4 c5 2. Nc3 Nc6 3. g3 g6 4. Bg2 Bg7 5. Nf3 d6 6. 0-0 e6 7. a3 Nge7 8. d3 0-0 9. Rb1 Rb8 10. Be3 Nd4 11. Ne2 Nxf3+ 12. Bxf3 b6 13. Qd2 Bb7 14. Bh6 Bxh6 15. Qxh6 e5 16. Bg2 d5 17. exd5 Nf5 18. Qh3 Bxd5 19. Bxd5 Qxd5 20. Qg2 Qd7 21. h4 Nd6 22. Qd5 Rfd8 23. Rbe1 Qe7 24. Nc3 Nf5 25. Qxe5 Qxe5 26. Rxe5 Nd4 27. Re7 Nxc2 28. Rc1 Nd4 29. Rxa7 Re8 30. Kg2 Rbd8 31. Ne4 Re6 32. b4 cxb4 33. axb4 Nb5 34. Rb7 h5 35. Ng5 Rf6 36. Re1 Rxd3 37. Re8+ Kg7 38. Rbb8 1-0

[Event "Raskazovo"]
[Site "Raskazovo"]
[Date "2015.04.11"]
[Round "6"]
[White "Golovin, Nikolay M"]
[Black "Postypalskiy, Mihail"]
[Result "1/2-1/2"]
[WhiteElo "2186"]
[BlackElo "2381"]
[PlyCount "65"]
[EventDate "2015.04.08"]
[EventType "tourn"]
[EventRounds "11"]
[EventCountry "RUS"]
[SourceTitle "CBM 166 Extra"]
[Source "ChessBase"]
[SourceDate "2015.06.18"]
[SourceVersion "1"]
[SourceVersionDate "2015.06.18"]
[SourceQuality "1"]

1. e4 g6 2. d4 Bg7 3. Nf3 d6 4. Nc3 e5 5. dxe5 dxe5 6. Qxd8+ Kxd8 7. Bc4 f6 8. 0-0 Nd7 9. Rd1 Bh6 10. Nd2 c6 11. b4 Kc7 12. a4 Bf8 13. b5 Nc5 14. Nb3 Bg4 15. f3 Nxb3 16. cxb3 Bc5+ 17. Kh1 Bd7 18. Rb1 Rd8 19. bxc6 Bxc6 20. Nd5+ Bxd5 21. Rxd5 Rxd5 22. Bxd5 Ne7 23. Bc4 Rd8 24. Bh6 Nc6 25. Bg7 f5 26. Bd5 Rd7 27. Bf6 Rd6 28. Bxc6 Rxf6 29. Bd5 a5 30. Rc1 b6 31. g3 fxe4 32. Bxe4 Rd6 33. Rc2 1/2-1/2

[Event "Tula Efremenkov Memorial"]
[Site "Tula"]
[Date "2015.01.25"]
[Round "13"]
[White "Postypalskiy, Mihail"]
[Black "Domogaev, Sergey"]
[Result "1/2-1/2"]
[WhiteElo "2323"]
[BlackElo "2443"]
[PlyCount "54"]
[EventDate "2015.01.14"]
[EventType "tourn"]
[EventRounds "13"]
[EventCountry "RUS"]
[EventCategory "2"]
[SourceTitle "CBM 164 Extra"]
[Source "ChessBase"]
[SourceDate "2015.03.02"]
[SourceVersion "1"]
[SourceVersionDate "2015.03.02"]
[SourceQuality "1"]

1. d4 Nf6 2. c4 c5 3. d5 b5 4. cxb5 a6 5. bxa6 Bxa6 6. Nc3 d6 7. g3 g6 8. Bg2 Bg7 9. Nf3 0-0 10. 0-0 Nbd7 11. Re1 Qa5 12. e4 Ng4 13. Bd2 Rfb8 14. Qc2 Nge5 15. Nxe5 Nxe5 16. Nd1 Qb6 17. Re3 Bb5 18. a4 Qa6 19. Rb3 Rb7 20. Qc1 Be2 21. Rxb7 Qxb7 22. Bc3 Nd3 23. Qd2 Bxd1 24. Bxg7 Bxa4 25. Bc3 Bb5 26. Rxa8+ Qxa8 27. Bf1 Qa1 1/2-1/2

[Event "Tula Efremenkov Memorial"]
[Site "Tula"]
[Date "2015.01.21"]
[Round "9"]
[White "Tishin, Petr"]
[Black "Postypalskiy, Mihail"]
[Result "1/2-1/2"]
[WhiteElo "2401"]
[BlackElo "2323"]
[PlyCount "63"]
[EventDate "2015.01.14"]
[EventType "tourn"]
[EventRounds "13"]
[EventCountry "RUS"]
[EventCategory "2"]
[SourceTitle "CBM 164 Extra"]
[Source "ChessBase"]
[SourceDate "2015.03.02"]
[SourceVersion "1"]
[SourceVersionDate "2015.03.02"]
[SourceQuality "1"]

1. d4 Nf6 2. c4 g6 3. Nc3 Bg7 4. e4 0-0 5. Nf3 d6 6. Be2 Nbd7 7. 0-0 e5 8. Re1 c6 9. Bf1 a5 10. dxe5 Nxe5 11. Nxe5 dxe5 12. Qc2 Be6 13. Bg5 b6 14. Rad1 Qc7 15. Bxf6 Bxf6 16. Na4 Be7 17. Re3 Rad8 18. Red3 Bg4 19. R1d2 Bg5 20. Rxd8 Rxd8 21. Rxd8+ Qxd8 22. Qd3 Qxd3 23. Bxd3 Bd8 24. b3 Kg7 25. h3 Bd7 26. Be2 Kf6 27. h4 Ke6 28. Bg4+ Kd6 29. Bxd7 Kxd7 30. g3 Kc7 31. c5 b5 32. Nb2 1/2-1/2